Stálica na kávovom nebi

Vznik a história spoločnosti Baliarne obchodu, a.s. Poprad. Zápasenie baliarní so zahraničnou konkurenciou. Postavenie Baliarní obchodu, a.s. Poprad na slovenskom trhu. Technológie na praženie a mletie kávy. Sortiment káv a čajov od spoločnosti Baliarne obchodu, a.s. Poprad. Produktové novinky.

Gespeichert in:
Bibliographische Detailangaben
Format: Buchkapitel
Sprache:Slowakisch
Schlagworte:
Tags: Tag hinzufügen
Keine Tags, Fügen Sie das erste Tag hinzu!

MARC

LEADER 00000naa a2200000 4500
001 r034359
005 20230929112749.2
041 0 |a slo 
044 |a SK 
245 1 0 |a Stálica na kávovom nebi 
520 |a Vznik a história spoločnosti Baliarne obchodu, a.s. Poprad. Zápasenie baliarní so zahraničnou konkurenciou. Postavenie Baliarní obchodu, a.s. Poprad na slovenskom trhu. Technológie na praženie a mletie kávy. Sortiment káv a čajov od spoločnosti Baliarne obchodu, a.s. Poprad. Produktové novinky. 
610 2 0 |a káva 
610 2 0 |a čaj 
610 2 0 |a firmy 
610 2 0 |a Baliarne obchodu, a.s. Poprad 
610 2 0 |a spoločnosti akciové 
610 2 0 |a sortiment výroby 
610 2 0 |a história 
610 2 0 |a konkurencieschopnosť 
610 2 0 |a technológia výroby 
610 2 0 |a výrobky značkové